000 00520nam a2200193Ia 4500
003 OSt
005 20250531092135.0
008 210210b1983 xxu||||| |||| 00| 0 eng d
040 _cAL
041 _aKannada
082 _aK894.3 PRET
100 _aPREMALILA
_dತಾಳ ತಪ್ಪಿದ ಬಾಳು
_9211959
245 _aTala tappida balu
_bಪ್ರೇಮಲೀಲಾ
260 _aMaisuru
_bPustaka Chilume
_c1983
300 _a109
690 _aKannada Fiction
_9211960
906 _a036299
942 _2ddc
_cBK
999 _c86994
_d86994